000
00339nam a22001457a 4500
020
_a
978-0070994874
041
_a
ENG
100
_a
Plummer. D.T
245
_a
An Introduction To Practical Blochemistry
250
_a
Thirs Ed
260
_a
Delhi
_b
Tata McGraw -Hill
_c
1971
300
_a
332
650
_a
APE
856
_u
APE ( 02 )
999
_c
1641
_d
1641